Thống kê toán học trong lâm nghiệp

sách trình bày về các phân bố thí nghiệm và phương pháp ước lượng các tham số đặc trưng của tổng thể; mô hình hóa quy luật cấu trúc tần số; phương pháp so sánh các mẫu quan sát và thí nghiệm trong lâm nghiệp; phương pháp bố trí thí n...

সম্পূর্ণ বিবরণ

সংরক্ষণ করুন:
গ্রন্থ-পঞ্জীর বিবরন
প্রধান লেখক: Ngô Kim Khôi
বিন্যাস: গ্রন্থ
ভাষা:Undetermined
প্রকাশিত: Hà Nội Nông Nghiệp 1998
বিষয়গুলি:
ট্যাগগুলো: ট্যাগ যুক্ত করুন
কোনো ট্যাগ নেই, প্রথমজন হিসাবে ট্যাগ করুন!
Thư viện lưu trữ: Trung tâm Học liệu Trường Đại học Cần Thơ
LEADER 01073nam a2200205Ia 4500
001 CTU_28021
008 210402s9999 xx 000 0 und d
020 |b 34.500đ 
082 |a 634.0212 
082 |b Kh452 
100 |a Ngô Kim Khôi 
245 0 |a Thống kê toán học trong lâm nghiệp 
245 0 |c Ngô Kim Khôi 
260 |a Hà Nội 
260 |b Nông Nghiệp 
260 |c 1998 
520 |a sách trình bày về các phân bố thí nghiệm và phương pháp ước lượng các tham số đặc trưng của tổng thể; mô hình hóa quy luật cấu trúc tần số; phương pháp so sánh các mẫu quan sát và thí nghiệm trong lâm nghiệp; phương pháp bố trí thí nghiệm và phân tích kết quả; phân tích mối liên hệ giữa các đại lượng trong lâm nghiệp 
650 |a forests and forestry - statistics 
904 |i Minh, 990113 
980 |a Trung tâm Học liệu Trường Đại học Cần Thơ